Arrested Development Episodes Quiz Stats

 Plays Quiz Updated Feb 26, 2020

     
Support Sporcle.
Go Orange.
Score 0/84 Timer 11:00
0 Plays Today
Season Episode % Correct
Season 1Pilot
81.1%
Season 3Development Arrested
64%
Season 3Mr F
52.6%
Season 2Motherboy XXX
40.6%
Season 1Bringing Up Buster
40.3%
Season 2The One Where Michael Leaves
39.1%
Season 3For British Eyes Only
37.7%
Season 1Top Banana
37.3%
Season 2The One Where They Build A House
36.1%
Season 3S.O.B.s
33.7%
Season 1My Mother, The Car
33.4%
Season 2¡Amigos!
32.4%
Season 1Justice Is Blind
32.1%
Season 1Marta Complex
30.8%
Season 1Pier Pressure
30.7%
Season 3Notapusy
30%
Season 2Good Grief
29.8%
Season 3The Ocean Walker
29.5%
Season 2Afternoon Delight
29.3%
Season 3The Cabin Show
28.3%
Season 1Let Them Eat Cake
27.6%
Season 2Meat The Veals
27.1%
Season 1Beef Consommé
26.8%
Season 2Hand To God
26.8%
Season 1Best Man For The Gob
25.5%
Season 2Spring Breakout
25.5%
Season 2The Righteous Brothers
25.5%
Season 2Sad Sack
24.9%
Season Episode % Correct
Season 2Sword of Destiny
23.7%
Season 1Key Decisions
23.5%
Season 1Not Without My Daughter
23.5%
Season 1Missing Kitty
23.5%
Season 2Ready, Aim, Marry Me!
23.1%
Season 3Prison Break-In
22.7%
Season 4Flight of the Phoenix
22.7%
Season 1Public Relations
22.6%
Season 1Visiting Ours
22.1%
Season 3Exit Strategy
22%
Season 4Blockheads
21.3%
Season 1Storming The Castle
21.2%
Season 2Switch Hitter
21.2%
Season 3Family Ties
21.1%
Season 1Charity Drive
21%
Season 3Forget Me Now
20.9%
Season 1Shock And Aww
20.8%
Season 2The Immaculate Election
20.5%
Season 4A New Start
20.5%
Season 4Queen B.
20.4%
Season 2Queen For A Day
20.4%
Season 3Fakin' It
19.8%
Season 1In God We Trust
19.7%
Season 4Colony Collapse
19.2%
Season 3Making A Stand
18.7%
Season 4The B. Team
18.5%
Season 4Señoritis
18.4%
Season 4Off the Hook
18.2%
Season Episode % Correct
Season 1Whistler's Mother
18.2%
Season 1Altar Egos
18.1%
Season 2Out On A Limb
17.9%
Season 1Staff Infection
17.4%
Season 4Red Hairing
17.2%
Season 4Indian Takers
16.9%
Season 4It Gets Better
16.9%
Season 4A New Attitude
16.4%
Season 2Burning Love
16%
Season 4Borderline Personalities
15.7%
Season 4Smashed
15.6%
Season 4Double Crossers
13.2%
Season 5The Fallout
11.4%
Season 5Check Mates
6.9%
Season 5Taste Makers
6.4%
Season 5Courting Disasters
6.1%
Season 5Family Leave
6.1%
Season 5An Old Start
6%
Season 5Rom-Traum
5.5%
Season 5Emotional Baggage
5.5%
Season 5Sinking Feelings
5.4%
Season 5Everyone Gets Atrophy
5.2%
Season 5Chain Migration
5.1%
Season 5Unexpected Company
5.1%
Season 5Self-Deportation
5.1%
Season 5The Untethered Sole
4.9%
Season 5Premature Independence
4.9%
Season 5Saving for Arraignment Day
4.6%

From the Vault

Over/Under: NHL

by senordingdong

Sports 7m
If you don't watch hockey, you may be on thin ice with this one.
Remove Ads.
Support Sporcle.
Get the best of Sporcle when you Go Orange. This ad-free experience offers more features, more stats, and more fun while also helping to support Sporcle. Thank you for becoming a member.

Show Comments

Extras

Top Quizzes Today


Score Distribution

Your Account Isn't Verified!

In order to create a playlist on Sporcle, you need to verify the email address you used during registration. Go to your Sporcle Settings to finish the process.

Report this User

Report this user for behavior that violates our Community Guidelines.

Details: